000 00670nam a2200217Ia 4500
003 GCL
008 140319s9999 xx 000 0 ara d
020 _a0070215977
040 _aGCL /
_cGCL
082 0 4 _a641.4
_bرص
100 1 _aرشدى يونان عبدالملك
245 1 0 _aالصناعات الغذائية /
_cرشدى يونان عبدالملك
250 _aالاولى
260 _aالقاهرة :
_bمكتبة غريب ،
_c1992
300 _a93 ص ؛
_c24 سم
650 0 4 _aالتصنيع
650 0 4 _aالصناعات
650 0 4 _aالصناعات الغذائية
650 0 4 _aالصناعات الكيميائية
942 _2ddc
_cBK
999 _c4909
_d4909